<?xml version="1.0" encoding="UTF-8"?>
<record
    xmlns:xsi="http://www.w3.org/2001/XMLSchema-instance"
    xsi:schemaLocation="http://www.loc.gov/MARC21/slim http://www.loc.gov/standards/marcxml/schema/MARC21slim.xsd"
    xmlns="http://www.loc.gov/MARC21/slim">

  <leader>00536nam a22002057a 4500</leader>
  <controlfield tag="005">20250318152741.0</controlfield>
  <controlfield tag="008">250318b        |||||||| |||| 00| 0 eng d</controlfield>
  <datafield tag="020" ind1=" " ind2=" ">
    <subfield code="a">9789364371063</subfield>
    <subfield code="c">995.00</subfield>
  </datafield>
  <datafield tag="040" ind1=" " ind2=" ">
    <subfield code="a">MAIN</subfield>
  </datafield>
  <datafield tag="041" ind1=" " ind2=" ">
    <subfield code="a">English</subfield>
  </datafield>
  <datafield tag="082" ind1=" " ind2=" ">
    <subfield code="a">540.76</subfield>
    <subfield code="b">GUP</subfield>
  </datafield>
  <datafield tag="100" ind1=" " ind2=" ">
    <subfield code="a">Gupta, Preeti</subfield>
  </datafield>
  <datafield tag="245" ind1=" " ind2=" ">
    <subfield code="a">NTA CSIR UGC NET/SET JRF and Lectureship </subfield>
    <subfield code="b">: Chemical Science </subfield>
  </datafield>
  <datafield tag="260" ind1=" " ind2=" ">
    <subfield code="a">New Delhi</subfield>
    <subfield code="b">Arihant </subfield>
  </datafield>
  <datafield tag="300" ind1=" " ind2=" ">
    <subfield code="a">1364</subfield>
  </datafield>
  <datafield tag="650" ind1=" " ind2=" ">
    <subfield code="a">Chemistry </subfield>
  </datafield>
  <datafield tag="700" ind1=" " ind2=" ">
    <subfield code="a">Tomar, Aditya</subfield>
    <subfield code="9">16674</subfield>
  </datafield>
  <datafield tag="700" ind1=" " ind2=" ">
    <subfield code="a">Sharma, Naveen </subfield>
    <subfield code="9">16675</subfield>
  </datafield>
  <datafield tag="942" ind1=" " ind2=" ">
    <subfield code="c">BK</subfield>
  </datafield>
  <datafield tag="999" ind1=" " ind2=" ">
    <subfield code="c">59490</subfield>
    <subfield code="d">59490</subfield>
  </datafield>
  <datafield tag="952" ind1=" " ind2=" ">
    <subfield code="0">0</subfield>
    <subfield code="1">0</subfield>
    <subfield code="2">ddc</subfield>
    <subfield code="4">0</subfield>
    <subfield code="6">540_760000000000000_GUP</subfield>
    <subfield code="7">0</subfield>
    <subfield code="9">89538</subfield>
    <subfield code="a">MAIN</subfield>
    <subfield code="b">MAIN</subfield>
    <subfield code="d">2025-03-18</subfield>
    <subfield code="l">1</subfield>
    <subfield code="m">2</subfield>
    <subfield code="o">540.76 GUP</subfield>
    <subfield code="p">50314</subfield>
    <subfield code="r">2025-11-29</subfield>
    <subfield code="s">2025-11-14</subfield>
    <subfield code="w">2025-03-18</subfield>
    <subfield code="y">BK</subfield>
  </datafield>
  <datafield tag="952" ind1=" " ind2=" ">
    <subfield code="0">0</subfield>
    <subfield code="1">0</subfield>
    <subfield code="2">ddc</subfield>
    <subfield code="4">0</subfield>
    <subfield code="6">540_760000000000000_GUP</subfield>
    <subfield code="7">0</subfield>
    <subfield code="9">89539</subfield>
    <subfield code="a">MAIN</subfield>
    <subfield code="b">MAIN</subfield>
    <subfield code="d">2025-03-18</subfield>
    <subfield code="l">1</subfield>
    <subfield code="o">540.76 GUP</subfield>
    <subfield code="p">50315</subfield>
    <subfield code="r">2026-04-30</subfield>
    <subfield code="s">2026-04-16</subfield>
    <subfield code="w">2025-03-18</subfield>
    <subfield code="y">BK</subfield>
  </datafield>
  <datafield tag="952" ind1=" " ind2=" ">
    <subfield code="0">0</subfield>
    <subfield code="1">0</subfield>
    <subfield code="2">ddc</subfield>
    <subfield code="4">0</subfield>
    <subfield code="6">540_760000000000000_GUP</subfield>
    <subfield code="7">0</subfield>
    <subfield code="9">89540</subfield>
    <subfield code="a">MAIN</subfield>
    <subfield code="b">MAIN</subfield>
    <subfield code="d">2025-03-18</subfield>
    <subfield code="l">0</subfield>
    <subfield code="o">540.76 GUP</subfield>
    <subfield code="p">50316</subfield>
    <subfield code="r">2025-03-18</subfield>
    <subfield code="w">2025-03-18</subfield>
    <subfield code="y">BK</subfield>
  </datafield>
  <datafield tag="952" ind1=" " ind2=" ">
    <subfield code="0">0</subfield>
    <subfield code="1">0</subfield>
    <subfield code="2">ddc</subfield>
    <subfield code="4">0</subfield>
    <subfield code="6">540_760000000000000_GUP</subfield>
    <subfield code="7">0</subfield>
    <subfield code="9">89541</subfield>
    <subfield code="a">MAIN</subfield>
    <subfield code="b">MAIN</subfield>
    <subfield code="d">2025-03-18</subfield>
    <subfield code="l">0</subfield>
    <subfield code="o">540.76 GUP</subfield>
    <subfield code="p">50317</subfield>
    <subfield code="r">2025-03-18</subfield>
    <subfield code="w">2025-03-18</subfield>
    <subfield code="y">BK</subfield>
  </datafield>
  <datafield tag="952" ind1=" " ind2=" ">
    <subfield code="0">0</subfield>
    <subfield code="1">0</subfield>
    <subfield code="2">ddc</subfield>
    <subfield code="4">0</subfield>
    <subfield code="6">540_760000000000000_GUP</subfield>
    <subfield code="7">0</subfield>
    <subfield code="9">89542</subfield>
    <subfield code="a">MAIN</subfield>
    <subfield code="b">MAIN</subfield>
    <subfield code="d">2025-03-18</subfield>
    <subfield code="l">1</subfield>
    <subfield code="o">540.76 GUP</subfield>
    <subfield code="p">50318</subfield>
    <subfield code="r">2026-05-02</subfield>
    <subfield code="s">2026-04-16</subfield>
    <subfield code="w">2025-03-18</subfield>
    <subfield code="y">BK</subfield>
  </datafield>
  <datafield tag="952" ind1=" " ind2=" ">
    <subfield code="0">0</subfield>
    <subfield code="1">0</subfield>
    <subfield code="2">ddc</subfield>
    <subfield code="4">0</subfield>
    <subfield code="6">540_760000000000000_GUP</subfield>
    <subfield code="7">0</subfield>
    <subfield code="9">89543</subfield>
    <subfield code="a">MAIN</subfield>
    <subfield code="b">MAIN</subfield>
    <subfield code="d">2025-03-18</subfield>
    <subfield code="l">1</subfield>
    <subfield code="o">540.76 GUP</subfield>
    <subfield code="p">50319</subfield>
    <subfield code="r">2025-10-27</subfield>
    <subfield code="s">2025-10-13</subfield>
    <subfield code="w">2025-03-18</subfield>
    <subfield code="y">BK</subfield>
  </datafield>
  <datafield tag="952" ind1=" " ind2=" ">
    <subfield code="0">0</subfield>
    <subfield code="1">0</subfield>
    <subfield code="2">ddc</subfield>
    <subfield code="4">0</subfield>
    <subfield code="6">540_760000000000000_GUP</subfield>
    <subfield code="7">0</subfield>
    <subfield code="9">89544</subfield>
    <subfield code="a">MAIN</subfield>
    <subfield code="b">MAIN</subfield>
    <subfield code="d">2025-03-18</subfield>
    <subfield code="l">2</subfield>
    <subfield code="o">540.76 GUP</subfield>
    <subfield code="p">50320</subfield>
    <subfield code="r">2026-03-02</subfield>
    <subfield code="s">2026-02-18</subfield>
    <subfield code="w">2025-03-18</subfield>
    <subfield code="y">BK</subfield>
  </datafield>
  <datafield tag="952" ind1=" " ind2=" ">
    <subfield code="0">0</subfield>
    <subfield code="1">0</subfield>
    <subfield code="2">ddc</subfield>
    <subfield code="4">0</subfield>
    <subfield code="6">540_760000000000000_GUP</subfield>
    <subfield code="7">0</subfield>
    <subfield code="9">89545</subfield>
    <subfield code="a">MAIN</subfield>
    <subfield code="b">MAIN</subfield>
    <subfield code="d">2025-03-18</subfield>
    <subfield code="l">1</subfield>
    <subfield code="o">540.76 GUP</subfield>
    <subfield code="p">50321</subfield>
    <subfield code="r">2025-09-15</subfield>
    <subfield code="s">2025-08-29</subfield>
    <subfield code="w">2025-03-18</subfield>
    <subfield code="y">BK</subfield>
  </datafield>
  <datafield tag="952" ind1=" " ind2=" ">
    <subfield code="0">0</subfield>
    <subfield code="1">0</subfield>
    <subfield code="2">ddc</subfield>
    <subfield code="4">0</subfield>
    <subfield code="6">540_760000000000000_GUP</subfield>
    <subfield code="7">0</subfield>
    <subfield code="9">89546</subfield>
    <subfield code="a">MAIN</subfield>
    <subfield code="b">MAIN</subfield>
    <subfield code="d">2025-03-18</subfield>
    <subfield code="l">1</subfield>
    <subfield code="o">540.76 GUP</subfield>
    <subfield code="p">50322</subfield>
    <subfield code="r">2026-05-05</subfield>
    <subfield code="s">2026-04-18</subfield>
    <subfield code="w">2025-03-18</subfield>
    <subfield code="y">BK</subfield>
  </datafield>
  <datafield tag="952" ind1=" " ind2=" ">
    <subfield code="0">0</subfield>
    <subfield code="1">0</subfield>
    <subfield code="2">ddc</subfield>
    <subfield code="4">0</subfield>
    <subfield code="6">540_760000000000000_GUP</subfield>
    <subfield code="7">0</subfield>
    <subfield code="9">89547</subfield>
    <subfield code="a">MAIN</subfield>
    <subfield code="b">MAIN</subfield>
    <subfield code="d">2025-03-18</subfield>
    <subfield code="l">1</subfield>
    <subfield code="o">540.76 GUP</subfield>
    <subfield code="p">50323</subfield>
    <subfield code="r">2025-10-09</subfield>
    <subfield code="s">2025-09-19</subfield>
    <subfield code="w">2025-03-18</subfield>
    <subfield code="y">BK</subfield>
  </datafield>
</record>
